Sinopsis bioclimática y vegetacional de Chile
Salvato in:
| Autore principale: | |
|---|---|
| Altri autori: | |
| Natura: | Libro |
| Lingua: | spagnolo |
| Pubblicazione: |
Santiago
Universitaria
2006
|
| Serie: | Biodiversidad
|
| Soggetti: | |
| Tags: |
Aggiungi Tag
Nessun Tag, puoi essere il primo ad aggiungerne!!
|
MARC
| LEADER | 00000nam a2200000 a 4500 | ||
|---|---|---|---|
| 001 | UCI2207 | ||
| 003 | CL-VaPUC | ||
| 005 | 20220302074413.0 | ||
| 008 | 070810e20060000CL |||||||||||||||||spa|d | ||
| 999 | |c 326845 |d 326843 | ||
| 020 | |a 9561118327 | ||
| 040 | |c Pontificia Universidad Católica de Valparaíso | ||
| 082 | 0 | 4 | |a 333.95 LUE 2006 |2 21 |
| 100 | |a Luebert, Federico |e autor |9 523142 | ||
| 245 | 1 | 0 | |a Sinopsis bioclimática y vegetacional de Chile |
| 260 | |a Santiago |b Universitaria |c 2006 | ||
| 300 | |a 316 páginas | ||
| 490 | 0 | |a Biodiversidad | |
| 583 | |a last modification |c 20070810 00:00:00 |k Rodrigo Vera | ||
| 650 | 0 | |a Vegetación |9 264748 | |
| 650 | 7 | |a ESTEPA FORESTAL |2 CL-VaPUC |9 523144 | |
| 650 | 7 | |a SILVICULTURA |2 CL-VaPUC |9 264178 | |
| 650 | 7 | |a ECOSISTEMA |2 CL-VaPUC |9 347937 | |
| 650 | 7 | |a FLORA |2 CL-VaPUC |9 264745 | |
| 650 | 7 | |a BIOCLIMATOLOGIA |2 CL-VaPUC |9 261834 | |
| 650 | 0 | |a Biodiversidad |9 385995 | |
| 650 | 0 | |a Clima |9 265281 | |
| 650 | 0 | |a Ecología |9 258124 | |
| 700 | 0 | |a Pliscoff, Patricio |9 523143 | |
| 942 | |c BK |2 ddc | ||
| 945 | |d 20070810 00:00:00 |a rbrito | ||
| 952 | |0 0 |1 0 |2 ddc |4 0 |6 333_950000000000000_LUE_2006 |7 0 |8 A |9 409015 |a BIBING |b BIBING |c GEN |d 2019-11-22 |i 4362659 |l 5 |o 333.95 LUE 2006 |p 4362659 |r 2025-01-20 |s 2023-06-27 |t 3 |w 2019-11-22 |y BK |k GEO | ||
| 952 | |0 0 |1 0 |2 ddc |4 0 |6 333_950000000000000_LUE_2006 |7 0 |8 A |9 409016 |a BIBCUR |b BIBCUR |d 2019-11-22 |i 4385004 |o 333.95 LUE 2006 |p 4385004 |r 2025-04-22 |t 1 |w 2019-11-22 |y BK |k BIO | ||
| 952 | |0 0 |1 0 |2 ddc |4 0 |6 333_950000000000000_LUE_2006 |7 0 |8 A |9 409017 |a BIBCUR |b BIBCUR |d 2019-11-22 |i 4385012 |l 1 |o 333.95 LUE 2006 |p 4385012 |r 2025-04-22 |s 2023-10-04 |t 2 |w 2019-11-22 |y BK |k BIO | ||
| 952 | |0 0 |1 0 |2 ddc |4 0 |6 333_950000000000000_LUE_2006 |7 0 |8 A |9 409018 |a BIBING |b BIBING |c GEN |d 2019-11-22 |i 4428927 |l 12 |o 333.95 LUE 2006 |p 4428927 |r 2025-01-20 |s 2024-07-11 |t 4 |w 2019-11-22 |y BK |k GEO | ||
| 952 | |0 0 |1 0 |2 ddc |4 0 |6 333_950000000000000_LUE_2006 |7 0 |8 A |9 409019 |a BIBAGR |b BIBAGR |d 2019-11-22 |i 4782356 |o 333.95 LUE 2006 |p 4782356 |r 2025-01-20 |t 5 |w 2019-11-22 |y BK |k AGR | ||
| 952 | |0 0 |1 0 |2 ddc |4 0 |6 333_950000000000000_LUE_2006 |7 0 |8 A |9 409020 |a BIBAGR |b BIBAGR |d 2019-11-22 |i 4782364 |l 2 |o 333.95 LUE 2006 |p 4782364 |r 2025-01-20 |s 2022-10-26 |t 6 |w 2019-11-22 |y BK |k AGR | ||